| 000 | 00355nam a2200133Ia 4500 | ||
|---|---|---|---|
| 008 | 210210b1976 xxu||||| |||| 00| 0 eng d | ||
| 082 | _a428.2 DEVI | ||
| 100 | _aDEVIDAS (K N) & TICKOO (M L). | ||
| 245 | _aIntermediate general english course. | ||
| 260 |
_aBombay _bOrient longman. _c1976 |
||
| 300 | _a260 | ||
| 690 | _aEnglish Usage | ||
| 906 | _aSG00982 | ||
| 999 |
_c112322 _d112322 |
||